Monetary economics <an> integrated approach to credit, money, income, production and wealth
Salvato in:
| Autore principale: | |
|---|---|
| Altri autori: | |
| Natura: | Libro |
| Lingua: | inglese |
| Pubblicazione: |
Basingstoke
Palgrave Macmillan
2012
|
| Edizione: | 2nd ed. |
| Soggetti: | |
| Tags: |
Nessun Tag, puoi essere il primo ad aggiungerne!!
|
MARC
| LEADER | 00000nam a2200000 4500 | ||
|---|---|---|---|
| 001 | 0176999 | ||
| 005 | 20240312115855.2 | ||
| 020 | |a 978-0-230-30184-9 | ||
| 041 | 0 | |a eng | |
| 044 | |a GB | ||
| 245 | 1 | 0 | |a Monetary economics |b <an> integrated approach to credit, money, income, production and wealth |c Wynne Godley and Marc Lavoie |
| 250 | |a 2nd ed. | ||
| 264 | 1 | |a Basingstoke |b Palgrave Macmillan |c 2012 | |
| 300 | |a 530 s. | ||
| 610 | 2 | 0 | |a peniaze |
| 610 | 2 | 0 | |a politika peňažná |
| 610 | 2 | 0 | |a teória peňažná |
| 610 | 2 | 0 | |a zisk kapitálový |
| 610 | 2 | 0 | |a hospodárstvo otvorené |
| 610 | 2 | 0 | |a oceňovanie |
| 610 | 2 | 0 | |a banky |
| 610 | 2 | 0 | |a modely rastu |
| 100 | 1 | |a Godley, Wynne | |
| 700 | 1 | |a Lavoie, Marc | |